| 000 | 00537nam a2200181Ia 4500 | ||
|---|---|---|---|
| 003 | GCL | ||
| 008 | 140319s9999 xx 000 0 eng d | ||
| 020 | _a0813916984 | ||
| 040 |
_aGCL / _cGCL |
||
| 082 | 0 | 4 |
_a973.46092 _bG T |
| 100 | 1 | _aGORDON - REED, ANNETTE | |
| 245 | 1 | 0 |
_aTHOMAS JEFFERSON AND SALLY HEMINGS / _cGORDON - REED, ANNETTE |
| 260 |
_aنيويورك : _bUNIVERSITY PRESS OF VIRGINIA ، _c1997 |
||
| 300 |
_a23 P ؛ _cXX, 288 P |
||
| 650 | 0 | 4 | _aJEFFERSON, THOMAS, 1743 - 1826 |
| 650 | 0 | 4 | _aHEMINGS, SALLY |
| 942 |
_2ddc _cBK |
||
| 999 |
_c4674 _d4674 |
||